Aktualizujte váš "kultúrny softvér"

Rozhodujúce predpoklady pre úspešnú spoluprácu v multikultúrnom tíme a poznanie vlastnej kultúry. Dobré pracovné vzťahy a efektívne fungovanie multikultúrneho tímu. Odlišnosti "kultúrnych softvérov" a kompromisné riešenia.

Uložené v:
Podrobná bibliografia
Hlavný autor: Gáboríková, Eva
Médium: Kapitola
Jazyk:Slovak
Predmet:
Tagy: Pridať tag
Žiadne tagy, Buďte prvý, kto otaguje tento záznam!

MARC

LEADER 00000naa a2200000 4500
001 0210118
005 20230912114532.7
041 0 |a slo 
044 |a SK 
245 1 0 |a Aktualizujte váš "kultúrny softvér"  |c Eva Gáboríková 
520 |a Rozhodujúce predpoklady pre úspešnú spoluprácu v multikultúrnom tíme a poznanie vlastnej kultúry. Dobré pracovné vzťahy a efektívne fungovanie multikultúrneho tímu. Odlišnosti "kultúrnych softvérov" a kompromisné riešenia. 
610 2 0 |a multikulturalizmus 
610 2 0 |a vzťahy medziľudské 
610 2 0 |a vzťahy pracovné 
610 2 0 |a komunikácia interkultúrna 
610 2 0 |a tímy pracovné 
610 2 0 |a spolupráca kultúrna 
610 2 0 |a štýl životný 
100 1 |a Gáboríková, Eva